1829 1133 1747 1513 1833 1871 1069 1175 1841 1960 1637 1931 1248 1209 1659 1034 1411 1276 1031 1040 1568 1152 1379 1885 1906 1200 1487 1578 1968 1095 1081 1114 1297 1651 1180 1193 1602 1384 1673 1202 1113 1120 1534 1334 1486 1128 1560 1059 1634 1186 1403 1561 1726 1988 1214 1977 1592 1928 1796 1628 1693 1849 1999 1109 1620 1445 1675 1028 1953 1800 1204 1495 1874 1922 1685 1951 1305 1630 1708 1936 1034 1351 1388 1111 1394 1508 1687 1394 1426 1229 1866 1489 1980 1475 1859 1015 1793 1603 1745 BCNSPRNW ULIB Ver.6.0+V

เปลี่ยนเป็นภาษาไทย

Change to English
 แสดงรายละเอียดบรรณานุกรม
  กลับหน้าหลัก

Brief Record : Get Marc (ISO 2709) : E-mail record : QR code < ปิดหน้าต่าง
LEADER : 00000nam a2200000Ia 4500
001    13399126664
003     ULIB
008    180531s2561 th a 000 0 tha d
020    ^a9786164685475
040    ^acl
060 04 ^aWY105^bว435ภ
100 0  ^aวันเพ็ญ แก้วปาน
245 10 ^aภาวะผู้นำ :^bหลักการและการประยุกต์ในการพยาบาลเวชปฏิบัติชุมชน =Leadership : principles and application in community nursepractitioner /^cวันเพ็ญ แก้วปาน
246 30 ^aหลักการและการประยุกต์ในการพยาบาลเวชปฏิบัติชุมชน
246 31 ^aLeadership : principles and application in community nursepractitioner
250    ^aพิมพ์ครั้งที่ 1
260    ^aกรุงเทพฯ :^bอรุณการพิมพ์,^c2561
300    ^aก-ฐ, 554 หน้า :^bภาพประกอบ ;^c30 ซม.
650  0 ^aCommunity
650  2 ^aLeadership
650  2 ^aResidence Characteristics
650  2 ^aNurse Practitioners
650  4 ^aภาวะผู้นำ
650  4 ^aชุมชน
650  4 ^aพยาบาลเวชปฏิบัติ
945    ^p650^l0^i26934
945    ^p650^l0^i26933
945    ^p650^l0^i26935
945    ^p650^l0^i26932
995    ^aกัณชพร จุลอักษร
999    ^aกัณชพร
รายการนี้ยังไม่มีแท็ก
คุณยังไม่ได้ล็อกอิน คุณสามารถมีกิจกรรมร่วมกับเว็บไซต์ได้ แต่ต้องล็อกอินก่อน ::
  ล็อกอิน

รายการสื่อสารสนเทศ

ลำดับที่ ประเภท เลขเรียก/บาร์โค้ด สถานที่ สถานะ
1. หนังสือสำรอง
หนังสือสำรอง
WY105 ว435ภ ฉ.1 
  Barcode: 26932
ห้องสมุดวิทยาเขตนครสวรรค์
►หนังสือทั่วไป:l:General Books
บนชั้น
2. วิทยาศาสตร์การแพทย์ และสุขภาพ
วิทยาศาสตร์การแพทย์ และสุขภาพ
WY105 ว435ภ ฉ.2 
  Barcode: 26933
ห้องสมุดวิทยาเขตนครสวรรค์
►หนังสือทั่วไป:l:General Books
บนชั้น
3. วิทยาศาสตร์การแพทย์ และสุขภาพ
วิทยาศาสตร์การแพทย์ และสุขภาพ
WY105 ว435ภ ฉ.3 
  Barcode: 26934
ห้องสมุดวิทยาเขตนครสวรรค์
►หนังสือทั่วไป:l:General Books
บนชั้น
4. วิทยาศาสตร์การแพทย์ และสุขภาพ
วิทยาศาสตร์การแพทย์ และสุขภาพ
WY105 ว435ภ ฉ.4 
  Barcode: 26935
ห้องสมุดวิทยาเขตนครสวรรค์
►หนังสือทั่วไป:l:General Books
บนชั้น

รายการใกล้เคียง
    ผู้แต่ง [วันเพ็ญ แก้วปาน]

    หัวเรื่อง [Community]
    หัวเรื่อง [Leadership]
    หัวเรื่อง [Nurse Practitioners]
    หัวเรื่อง [ภาวะผู้นำ]
    หัวเรื่อง [ชุมชน]
    หัวเรื่อง [พยาบาลเวชปฏิบัติ]

BibComment


ยังไม่เคยถูกคอมเมนท์

คอมเมนท์ทรัพยากรรายการนี้
  คอมเมนท์: ภาวะผู้นำ หลักก..


 Copyright 2026. Bcnsprnw @Library